The Scots resolution, : wherein they expresse their intentions to come to Sir Marmaduke Langdale, about the 15. of this present month of June, 1648. Also, three votes of the House agreed on by the Lords and Commons, to be sent to Scotland for their agreement thereunto, and so to be presented to His Majesties royall person, to be enacted before any personall treaty. With, a true relation of the proceedings of Lieutenant Generall Cromwell against Pembrooke Castle in Wales. Whereunto is annexed the manner of the regaining Skipton Castle, by that renowned and faithfull souldier, Major Generall Lambert. Imprimatur G.M.

Bibliographic Details
Format: eBook
Language:English
Published: London : Printed for J.J., MDCXLVIII. [1648]
Series:Early English books online.
Subjects:
Online Access:Connect to the full text of this electronic book

MARC

Tag First Indicator Second Indicator Subfields
LEADER 00000nam a2200000 4500
001 in00004278913
005 20200813075955.0
006 m g d
007 cr bn |||a|bb|
008 931026s1648 enk o 00| | eng d
035 |a (UnM)99864306 
037 |a CL0051000002  |b ProQuest Information and Learning. 300 N. Zeeb Rd., Ann Arbor, MI 48106 
040 |a Cu-RivES  |c Cu-RivES  |d CStRLIN  |e dcrb  |d WaOLN 
245 0 4 |a The Scots resolution, :  |b wherein they expresse their intentions to come to Sir Marmaduke Langdale, about the 15. of this present month of June, 1648. Also, three votes of the House agreed on by the Lords and Commons, to be sent to Scotland for their agreement thereunto, and so to be presented to His Majesties royall person, to be enacted before any personall treaty. With, a true relation of the proceedings of Lieutenant Generall Cromwell against Pembrooke Castle in Wales. Whereunto is annexed the manner of the regaining Skipton Castle, by that renowned and faithfull souldier, Major Generall Lambert. Imprimatur G.M. 
260 |a London :  |b Printed for J.J.,  |c MDCXLVIII. [1648] 
300 |a 1 online resource ([2], 6 pages) 
336 |a text  |b txt  |2 rdacontent 
337 |a computer  |b c  |2 rdamedia 
338 |a online resource  |b cr  |2 rdacarrier 
500 |a Annotation on Thomason copy: "June. 9th". 
500 |a Reproduction of the original in the British Library. 
510 4 |a Wing (2nd edition)  |c S2029C. 
510 4 |a Thomason  |c E.446[31]. 
533 |a Electronic reproduction.  |b Ann Arbor, Mich. :  |c UMI,  |d 1999-  |f (Early English books online)  |n Digital version of: (Thomason Tracts ; 70:E446[31])  |7 s1999 miun s 
610 2 0 |a Pembroke Castle (Wales)  |y Siege, 1648  |v Early works to 1800. 
610 1 0 |a Scotland.  |b Army  |v Early works to 1800. 
651 0 |a Great Britain  |x History  |y Civil War, 1642-1649  |x Campaigns  |v Early works to 1800. 
830 0 |a Early English books online. 
856 4 0 |u http://proxy.library.tamu.edu/login?url=https://search.proquest.com/docview/2240909540  |z Connect to the full text of this electronic book  |t 0 
999 f f |s d7603e33-deed-3819-88af-7256b7b868a4  |i 08deb2b6-b408-330b-8a65-76aa215a63eb  |t 0 
952 f f |a Texas A&M University  |b College Station  |c Electronic Resources  |d Available Online  |t 0  |h No information provided 
998 f f |t 0  |l Available Online